000 00319nam a2200145Ia 4500
100 _aFerguson/L.N
650 _aChemistry
942 _cBK
654 _aorganic
245 _aText book of Organic Chemistry
260 _bEast west press
_aNew Delhi
_c1965
082 _a547
_bFER
300 _a755
546 _aENGLISH
999 _c25048
_d25048